000
00310nam a22001337a 4500
008
170616b xxu||||| |||| 00| 0 eng d
020
_a
9781608716685
041
_a
eng
080
_2
2 ED
_a
32
100
_a
20
101
_a
SHP
245
_a
INTRODUCTION COM[ARATIVE POLITICS
_c
ORVIS,S
942
_2
udc
_c
BK
999
_c
17815
_d
17815